| Tag |
First Indicator |
Second Indicator |
Subfields |
| LEADER |
00000cam a2200000La 4500 |
| 001 |
in00001762011 |
| 005 |
20220105110512.0 |
| 006 |
m u |
| 007 |
cr cn--------- |
| 008 |
020103s2000 enka sb 001 0 eng d |
| 020 |
|
|
|a 020313740X (electronic bk.)
|
| 035 |
|
|
|a (OCoLC)ocm49569891
|
| 040 |
|
|
|a N$T
|c N$T
|d OCLCQ
|d UtOrBLW
|
| 049 |
|
|
|a IICA
|
| 050 |
1 |
4 |
|a PN1631
|b .S26 2000eb
|
| 082 |
0 |
4 |
|a 809.2
|2 21
|
| 100 |
1 |
|
|a Sanger, Keith,
|d 1948-
|0 http://id.loc.gov/authorities/names/n97051229
|
| 245 |
1 |
4 |
|a The language of drama /
|c Keith Sanger.
|
| 264 |
|
1 |
|a London ;
|a New York :
|b Routledge,
|c 2000.
|
| 300 |
|
|
|a xiv, 97 pages :
|b illustrations ;
|c 25 cm.
|
| 336 |
|
|
|a text
|b txt
|2 rdacontent
|
| 337 |
|
|
|a computer
|b c
|2 rdamedia
|
| 338 |
|
|
|a online resource
|b cr
|2 rdacarrier
|
| 490 |
1 |
|
|a Intertext
|
| 504 |
|
|
|a Includes bibliographical references (page 97) and indexes.
|
| 533 |
|
|
|a Electronic reproduction.
|b Boulder, Colo. :
|c NetLibrary,
|d 2002.
|n Available via World Wide Web.
|n Access may be limited to NetLibrary affiliated libraries.
|
| 500 |
|
|
|a Electronic resource.
|
| 650 |
|
0 |
|a Drama
|x History and criticism
|x Theory, etc.
|0 http://id.loc.gov/authorities/subjects/sh2008102393
|
| 655 |
|
7 |
|a Electronic books.
|2 local
|
| 710 |
2 |
|
|a NetLibrary, Inc.
|0 http://id.loc.gov/authorities/names/no99080690
|
| 776 |
1 |
|
|c Original
|z 0415214238
|w (DLC) 00032307
|w (OCoLC)43903632
|
| 830 |
|
0 |
|a Intertext (London, England)
|0 http://id.loc.gov/authorities/names/n96084827
|
| 856 |
4 |
1 |
|u https://proxy.library.tamu.edu/login?url=http://www.netLibrary.com/urlapi.asp?action=summary&v=1&bookid=63922
|z Connect to the full text of this electronic book
|t 0
|
| 994 |
|
|
|a X0
|b IIC
|
| 999 |
|
|
|a MARS
|
| 999 |
f |
f |
|s 68a98748-ebd3-3a13-bfa1-dd68829648cc
|i 63add859-1495-3311-ad55-1f5c51348cad
|t 0
|
| 952 |
f |
f |
|a Texas A&M University
|b College Station
|c Electronic Resources
|d Available Online
|t 0
|e PN1631 .S26 2000eb
|h Library of Congress classification
|
| 998 |
f |
f |
|a PN1631 .S26 2000eb
|t 0
|l Available Online
|